| 000 | 00850cam a22002412 4500 | ||
|---|---|---|---|
| 001 | 0000003039 | ||
| 005 | 20151217151913.0 | ||
| 008 | 070426s xx 000 0 eng d | ||
| 020 |
_a1403900396 : _cKES 8,125 |
||
| 040 |
_aKABU _cKABU |
||
| 050 | 0 |
_aHG4241 _b.D48 |
|
| 100 | 1 |
_aDhumale, Rahul. _@0000152614 |
|
| 245 | 1 | 0 |
_aExcess cash flow : _ba signal for institutional and corporate governance / _cby Rahul Dhumale. |
| 260 |
_aHoundmills, Basingstoke, Hampshire ; _aNew York : _bPalgrave Macmillan, _c2003. |
||
| 300 |
_axvi, 218 p. ; _c23 cm. |
||
| 504 | _aIncludes bibliographical references and index. | ||
| 650 | 0 |
_aCorporations _xFinance _zIndia. _@0000152615 |
|
| 650 | 0 |
_aCash management _zIndia. _@0000152616 |
|
| 650 | 0 |
_aCash flow. _@0000152579 |
|
| 908 | _a070426 | ||
| 950 | _@1 | ||
| 999 |
_c6187 _d6187 |
||